Islamic architecture / (Record no. 353805)

000 -LEADER
fixed length control field 00970cam a2200313 a 4500
001 - CONTROL NUMBER
control field 12378375
003 - CONTROL NUMBER IDENTIFIER
control field OSt
005 - DATE AND TIME OF LATEST TRANSACTION
control field 20180116192418.0
008 - FIXED-LENGTH DATA ELEMENTS--GENERAL INFORMATION
fixed length control field 000927s2000 pk a 001 0 eng
010 ## - LIBRARY OF CONGRESS CONTROL NUMBER
LC control number 00312450
020 ## - INTERNATIONAL STANDARD BOOK NUMBER
International Standard Book Number 9690014277
020 ## - INTERNATIONAL STANDARD BOOK NUMBER
International Standard Book Number 9789690014276
025 ## - OVERSEAS ACQUISITION NUMBER
Overseas acquisition number P-E-00312450; 12
035 ## - SYSTEM CONTROL NUMBER
System control number (DLC) 00312450
040 ## - CATALOGING SOURCE
Original cataloging agency DLC
Transcribing agency DLC
Modifying agency DLC
042 ## - AUTHENTICATION CODE
Authentication code lcode
050 00 - LIBRARY OF CONGRESS CALL NUMBER
Classification number NA380
Item number .J325 2000
082 00 - DEWEY DECIMAL CLASSIFICATION NUMBER
Classification number 720.917671
Edition number 21
100 1# - MAIN ENTRY--PERSONAL NAME
Personal name Jairazbhoy, R. A.
Fuller form of name (Rafique Ali),
Dates associated with a name 1925-
9 (RLIN) 6992
245 10 - TITLE STATEMENT
Title Islamic architecture /
Statement of responsibility, etc. R.A. Jairazbhoy.
260 ## - PUBLICATION, DISTRIBUTION, ETC.
Place of publication, distribution, etc. Lahore :
Name of publisher, distributor, etc. Ferozsons,
Date of publication, distribution, etc. 2000.
300 ## - PHYSICAL DESCRIPTION
Extent 130 p. :
Other physical details col. ill. ;
Dimensions 31 cm.
504 ## - BIBLIOGRAPHY, ETC. NOTE
Bibliography, etc. note Includes bibliographical references (p. 117-126) and index.
650 #0 - SUBJECT ADDED ENTRY--TOPICAL TERM
Topical term or geographic name entry element Islamic architecture.
9 (RLIN) 6993
906 ## - LOCAL DATA ELEMENT F, LDF (RLIN)
a 7
b cbc
c origode
d 3
e ncip
f 20
g y-gencatlg
942 ## - ADDED ENTRY ELEMENTS (KOHA)
Source of classification or shelving scheme
Koha item type Book
Holdings
Withdrawn status Lost status Source of classification or shelving scheme Damaged status Not for loan Permanent Location Current Location Date acquired Total Checkouts Total Renewals Full call number Barcode Date last seen Date last checked out Cost, replacement price Price effective from Koha item type
          School of Art Design and Architecture (SADA) School of Art Design and Architecture (SADA) 06/20/2013 4 3 720.917671 JAI 2000 SADA0002097 03/08/2016 02/10/2016 746.25 08/20/2013 Book
© 2023 Central Library, National University of Sciences and Technology. All Rights Reserved.